00302pam a2200109 a 4500020000500000041000500005082000800010100001500018245009300033260005300126300001300179 c h bELM aElmasri R. aDatabase systems Models languages design and Applicaion programminghTextual Documents apune:bDorling Kindersky( india) pvt ltd Asia. a1214 pg.